| 000 | 00538nam a2200193 a 4500 | ||
|---|---|---|---|
| 005 | 20260410165053.0 | ||
| 008 | 260318s2026##################000#0#eng## | ||
| 020 |
_a9780702029011 _qpbk |
||
| 041 | _aEng | ||
| 082 | 0 | 4 | _a362.1042 SCA |
| 100 | _a\edited Scambler,Graham | ||
| 245 | 1 | 0 |
_aSociology as Applied to Medicine _c\edited Graham scambler |
| 250 | _a6th ed. | ||
| 260 |
_aNew York: _bSauders Elsevier, _c 2008 |
||
| 300 |
_a348p. _c;24 cm. |
||
| 650 | _aSocial welfare | ||
| 650 | _aPublic health service | ||
| 942 | _cENGLISH | ||
| 999 |
_c617881 _d617881 |
||